Kind v Newcastle City Council (Record no. 68546)

MARC details
000 -LEADER
fixed length control field 00851cam a2200193 4500
001 - CONTROL NUMBER
control field X115071
008 - FIXED-LENGTH DATA ELEMENTS--GENERAL INFORMATION
fixed length control field 011011n2001 000 0 eng u
035 ## - SYSTEM CONTROL NUMBER
System control number (Sirsi) u115071
245 ## - TITLE STATEMENT
Title Kind v Newcastle City Council
260 ## - PUBLICATION, DISTRIBUTION, ETC.
Date of publication, distribution, etc. 2001
490 ## - SERIES STATEMENT
Series statement Estates Gazette
Volume/sequential designation [2001] 36 EG 179 (CS) (8/9/01)
520 ## - SUMMARY, ETC.
Summary, etc. QBD 31 July 2001. Appellant seeking order requiring council to put highway into state of proper repair - order made - council appealing - crown court considering present-day character of highway in determining state of repair -council's appeal allowed - appellant appealing - whether crown court erred - Highways Act 1980 - appeal dismissed.
650 ## - SUBJECT ADDED ENTRY--TOPICAL TERM
Topical term or geographic name entry element KIND V NEWCASTLE CITY COUNCIL
650 ## - SUBJECT ADDED ENTRY--TOPICAL TERM
Topical term or geographic name entry element HIGHWAYS ACT 1980
650 ## - SUBJECT ADDED ENTRY--TOPICAL TERM
Topical term or geographic name entry element REPAIRS
650 ## - SUBJECT ADDED ENTRY--TOPICAL TERM
Topical term or geographic name entry element HIGHWAYS
690 ## - LOCAL SUBJECT ADDED ENTRY--TOPICAL TERM (OCLC, RLIN)
Topical term or geographic name as entry element TRANSPORT AND COMMUNICATIONS-CASE LAW
942 ## - ADDED ENTRY ELEMENTS (KOHA)
Suppress in OPAC 0
Holdings
Withdrawn status Lost status Source of classification or shelving scheme Damaged status Not for loan Home library Current library Shelving location Date acquired Total Checkouts Full call number Barcode Date last seen Copy number Price effective from Koha item type
    Dewey Decimal Classification     London London News article 11/10/2001   X115071 115071-1001 06/08/2019 1 06/08/2019 Law report